[Event "AUTO-OPEN-2139"]
[Site "http://www.queenalice.com/game.php?id=848412"]
[Date "2010.10.20"]
[Round "1"]
[White "kakashisensei"]
[Black "theodorowicz"]
[Result "1-0"]
[WhiteElo "1723"]
[BlackElo "1540"]

1. d4 e6 2. e4 d6 3. Nf3 h6 4. Be2 g5 5. d5 e5 6. h3 g4 7. hxg4 Bxg4 8. Nc3 a6
9. Be3 f6 10. Qd2 c5 11. O-O-O Ne7 12. Rh4 h5 13. Rdh1 Bg7 14. Ne1 Kd7 15. f3
Ng6 16. R4h2 b5 17. fxg4 Kc7 18. gxh5 Ne7 19. h6 Bf8 20. h7 c4 21. Nb1 a5 22.
Nc3 Qd7 23. b3 a4 24. bxc4 b4 25. Nb5+ Kb7 26. Qxb4 Kc8 27. Nxd6+ Kd8 28. Bb6+
1-0

[Event "AUTO-INT-1849"]
[Site "http://www.queenalice.com/game.php?id=848555"]
[Date "2010.10.20"]
[Round "1"]
[White "theodorowicz"]
[Black "volga1"]
[Result "0-1"]
[WhiteElo "1445"]
[BlackElo "1648"]

1. e4 g6 2. d4 Bg7 3. e5 e6 4. h4 h6 5. g3 Ne7 6. c4 d6 7. f4 Nd7 8. Bg2 d5 9.
c5 Nf5 10. Qd3 a6 11. b4 b5 12. Nc3 Bb7 13. a4 bxa4 14. Rxa4 a5 15. b5 O-O 16.
c6 Bxc6 17. bxc6 Nb6 18. Ra2 a4 19. g4 Ne7 20. g5 Nf5 21. h5 Qe8 22. Ba3 Nc4 23.
Rh3 Nxa3 24. Nb5 Nxb5 25. Qxb5 gxh5 26. Rxh5 Nxd4 27. Qb1 Qxc6 28. Ne2 Nxe2 29.
Rxe2 Qc3+ 30. Kf1 f5 31. Rc2 Qd3+ 0-1

[Event "AUTO-INT-1849"]
[Site "http://www.queenalice.com/game.php?id=848556"]
[Date "2010.10.20"]
[Round "1"]
[White "volga1"]
[Black "theodorowicz"]
[Result "1-0"]
[WhiteElo "1648"]
[BlackElo "1525"]

1. e4 e5 2. Nf3 f6 3. Nxe5 g6 4. Nf3 h5 5. Bc4 Ne7 6. d4 c6 7. Nc3 b5 8. Bb3 a5
9. Bf4 Na6 10. d5 Bb7 11. dxc6 Bxc6 12. Bd5 b4 13. Bxc6 Nxc6 14. Nd5 Nc5 15. O-O
g5 16. Be3 Nxe4 17. Qd3 f5 18. Bb6 Qc8 19. Nc7+ Kf7 20. Nxg5+ Kg7 21. Nxa8 Ne5
22. Qd5 Nf6 23. Qxe5 Qxa8 24. Bd4 Rh6 25. Rae1 Kg6 26. Qxf6# 1-0

[Event "AUTO-INT-1849"]
[Site "http://www.queenalice.com/game.php?id=848557"]
[Date "2010.10.20"]
[Round "1"]
[White "theodorowicz"]
[Black "DDK"]
[Result "0-1"]
[WhiteElo "1444"]
[BlackElo "1646"]

1. e4 e5 2. h4 d5 3. Bd3 Bc5 4. Nf3 dxe4 5. Bxe4 Nf6 6. Nc3 Ng4 7. Qe2 Nxf2 8.
Rf1 Ng4 9. Nd5 c6 10. Ne3 Nxe3 11. Rh1 Ng4 12. c3 Nf2 13. Rf1 Nxe4 14. Nxe5 Qd5
15. Qf3 Qxe5 16. Kd1 Nf2+ 17. Kc2 Qf5+ 0-1

[Event "AUTO-INT-1849"]
[Site "http://www.queenalice.com/game.php?id=848559"]
[Date "2010.10.20"]
[Round "1"]
[White "theodorowicz"]
[Black "Nunes"]
[Result "0-1"]
[WhiteElo "1521"]
[BlackElo "1879"]

1. e4 c5 2. c3 Nc6 3. a3 Nf6 4. f3 d5 5. d3 dxe4 6. Be2 exd3 7. Bf1 c4 8. b4 g6
9. Nd2 b5 10. a4 Qb6 11. Ne4 Nxe4 12. a5 Qf2# 0-1

[Event "AUTO-INT-1849"]
[Site "http://www.queenalice.com/game.php?id=848560"]
[Date "2010.10.20"]
[Round "1"]
[White "Nunes"]
[Black "theodorowicz"]
[Result "1-0"]
[WhiteElo "1936"]
[BlackElo "1561"]

1. d4 e6 2. c4 c6 3. e4 a6 4. Nf3 h6 5. Nc3 g5 6. h3 b5 7. Bd3 b4 8. Na4 Nf6 9.
e5 Nh5 10. Be4 d5 11. cxd5 cxd5 12. Bd3 Ng7 13. O-O f5 14. exf6 Qxf6 15. Nb6 g4
16. Ne5 gxh3 17. Qa4+ Bd7 18. Nbxd7 Nxd7 19. Qxd7# 1-0

[Event "AUTO-OPEN-2162"]
[Site "http://www.queenalice.com/game.php?id=857216"]
[Date "2010.11.10"]
[Round "1"]
[White "theodorowicz"]
[Black "clovis"]
[Result "0-1"]
[WhiteElo "1482"]
[BlackElo "2075"]

1. e4 d5 2. e5 Bf5 3. d3 e6 4. f4 Bc5 5. g4 Qh4+ 6. Kd2 Bxg4 7. Be2 Qf2 8. h3
Qg2 9. Nf3 Bxf3 10. Re1 Nc6 11. c3 O-O-O 12. d4 Bb6 13. b4 Qf2 14. Ba3 Nxd4 15.
cxd4 Qxd4+ 16. Kc2 Be4+ 17. Bd3 Bxd3+ 18. Qxd3 Qxa1 19. Bb2 Qxa2 20. Nd2 Qa4+
21. Nb3 Ne7 22. Ra1 Qc6+ 23. Kd2 Qc4 24. Qf3 Qxb4+ 25. Kc2 Nf5 26. Bc3 Qe4+ 0-1

[Event "AUTO-OPEN-2162"]
[Site "http://www.queenalice.com/game.php?id=857217"]
[Date "2010.11.10"]
[Round "1"]
[White "clovis"]
[Black "theodorowicz"]
[Result "1-0"]
[WhiteElo "2065"]
[BlackElo "1499"]

1. e4 h5 2. Bc4 e6 3. Nf3 f6 4. O-O g5 5. d4 c6 6. d5 b5 7. Bb3 g4 8. Nd4 e5 9.
Nf5 d6 10. dxc6 Nxc6 11. Qd5 Rh7 12. Qxc6+ Bd7 13. Nxd6+ Bxd6 14. Qxd6 Ne7 15.
Qxf6 a6 16. Qxe5 Ra7 17. Nc3 Kf8 18. Bg5 Bc6 19. Qe6 Qd4 20. Bxe7+ Rhxe7 21.
Qxc6 Kg7 22. Rad1 Qe5 23. Rd5 Qf6 24. Qxf6+ Kxf6 25. Rxh5 Kg6 26. Rc5 Red7 27.
Rd1 1-0

[Event "AUTO-OPEN-2162"]
[Site "http://www.queenalice.com/game.php?id=857218"]
[Date "2010.11.10"]
[Round "1"]
[White "theodorowicz"]
[Black "Aadii"]
[Result "0-1"]
[WhiteElo "1478"]
[BlackElo "1830"]

1. e4 e5 2. h4 Bc5 3. c3 Nc6 4. b4 Bb6 5. a4 a5 6. b5 Nce7 7. Ne2 Nf6 8. f3 c6
9. d3 d5 10. Ng3 dxe4 11. Bg5 exf3 12. Bxf6 f2+ 13. Kd2 gxf6 14. Ne4 Nd5 15. Ng3
h5 16. Nxh5 e4 17. Kc2 Ne3+ 0-1

[Event "AUTO-OPEN-2162"]
[Site "http://www.queenalice.com/game.php?id=857219"]
[Date "2010.11.10"]
[Round "1"]
[White "Aadii"]
[Black "theodorowicz"]
[Result "1-0"]
[WhiteElo "1828"]
[BlackElo "1480"]

1. d4 d5 2. c4 h6 3. Nc3 c6 4. Nf3 f6 5. Bf4 Nd7 6. e3 g5 7. Bg3 h5 8. h3 h4 9.
Bh2 a6 10. cxd5 b5 11. dxc6 Nb6 12. Qb3 e6 13. Rc1 Ra7 14. Nxb5 Rf7 15. c7 Qe7
16. Nd6+ Kd7 17. Qb5+ 1-0

[Event "AUTO-INT-1869"]
[Site "http://www.queenalice.com/game.php?id=857373"]
[Date "2010.11.10"]
[Round "1"]
[White "theodorowicz"]
[Black "daniel0176"]
[Result "1-0"]
[WhiteElo "1540"]
[BlackElo "1662"]

1. e4 e5 2. h4 Nf6 3. f3 Bc5 4. Ne2 O-O 5. c3 Nc6 6. b4 Bd6 7. a4 a6 8. g4 b5 9.
a5 Bxb4 10. cxb4 Nxb4 11. Nec3 Nd3+ 12. Bxd3 b4 13. Ne2 d6 14. h5 Bxg4 15. fxg4
Nxg4 16. Ng3 Qf6 17. Qxg4 Rab8 18. Nf5 h6 19. Rg1 g5 20. Bc4 b3 21. Bxb3 Rxb3
22. Nc3 c6 23. Nxh6+ Qxh6 24. Ne2 Rfb8 25. Kf2 Qf6+ 26. Ke1 d5 27. d3 Qg7 28.
Rh1 Rxd3 29. h6 Qg6 30. h7+ Kg7 31. Bxg5 Kh8 32. Rh6 Qxe4 33. Bf6# 1-0

[Event "AUTO-INT-1869"]
[Site "http://www.queenalice.com/game.php?id=857374"]
[Date "2010.11.10"]
[Round "1"]
[White "daniel0176"]
[Black "theodorowicz"]
[Result "1-0"]
[WhiteElo "1641"]
[BlackElo "1555"]

1. e4 h5 2. Nf3 f6 3. Bc4 e6 4. O-O g5 5. e5 g4 6. Nh4 Ne7 7. exf6 d5 8. Bd3 Kd7
9. fxe7 Qxe7 10. g3 Kc6 11. Nc3 a6 12. a4 b6 13. b4 Kb7 14. Re1 Bd7 15. Ba3 Qf7
16. Bg6 Qg8 17. d4 Qg7 18. Qd3 Nc6 19. b5 Nxd4 20. Bxf8 Qxf8 21. Rab1 Nf3+ 22.
Nxf3 gxf3 23. Qd4 a5 24. Qd3 c6 25. bxc6+ Bxc6 26. Rxe6 Kc7 27. Nxd5+ Kb8 28.
Rxb6+ Bb7 29. Qe4 Ra7 30. Qe5+ Kc8 31. Qc7# 1-0

[Event "AUTO-INT-1869"]
[Site "http://www.queenalice.com/game.php?id=857375"]
[Date "2010.11.10"]
[Round "1"]
[White "theodorowicz"]
[Black "wladimir"]
[Result "0-1"]
[WhiteElo "1476"]
[BlackElo "1485"]

1. e4 e5 2. h4 Nf6 3. d3 d6 4. f3 Nc6 5. c3 d5 6. Nd2 Nh5 7. Rh2 Nf4 8. g3 Ne6
9. b4 d4 10. Nc4 dxc3 11. a3 b5 12. Ne3 a5 13. Qc2 axb4 14. Qf2 b3 15. Ne2 b2
0-1

[Event "AUTO-INT-1869"]
[Site "http://www.queenalice.com/game.php?id=857376"]
[Date "2010.11.10"]
[Round "1"]
[White "wladimir"]
[Black "theodorowicz"]
[Result "1-0"]
[WhiteElo "1501"]
[BlackElo "1460"]

1. e4 h5 2. Nf3 f6 3. Bc4 e6 4. Nh4 Ne7 5. d3 g5 6. Nf3 h4 7. Nc3 c6 8. d4 b5 9.
Be2 a5 10. h3 a4 11. g4 b4 12. Nb1 d5 13. e5 Bh6 14. exf6 Ng6 15. Bxg5 1-0

[Event "AUTO-INT-1869"]
[Site "http://www.queenalice.com/game.php?id=857377"]
[Date "2010.11.10"]
[Round "1"]
[White "theodorowicz"]
[Black "UKopra"]
[Result "0-1"]
[WhiteElo "1497"]
[BlackElo "1705"]

1. e4 e5 2. h4 Nf6 3. d3 Nc6 4. c3 Bc5 5. b4 Bb6 6. g4 d6 7. g5 Nd7 8. a4 a5 9.
b5 Na7 10. Qf3 O-O 11. h5 f6 12. g6 h6 13. Bxh6 gxh6 14. Qg2 Kg7 15. Nf3 Nc5 16.
Ra2 Be6 17. Rb2 Nxa4 18. Rc2 Qd7 19. c4 Nc5 20. Nbd2 a4 21. Be2 a3 22. Ra2 Nc8
23. Nh4 Ne7 24. O-O f5 25. exf5 Nxf5 26. Nxf5+ Bxf5 0-1

[Event "AUTO-INT-1869"]
[Site "http://www.queenalice.com/game.php?id=857378"]
[Date "2010.11.10"]
[Round "1"]
[White "UKopra"]
[Black "theodorowicz"]
[Result "1-0"]
[WhiteElo "1713"]
[BlackElo "1489"]

1. d4 a5 2. c4 c6 3. Nf3 f6 4. e4 a4 5. Nc3 e6 6. Nxa4 Qa5+ 7. Nc3 h5 8. Be2 g5
9. O-O Bh6 10. Bd2 g4 11. Na4 Qd8 12. Ne1 b5 13. cxb5 Bxd2 14. Qxd2 Rxa4 15. b3
Ra7 16. bxc6 Nxc6 17. d5 Ne5 18. a4 Ba6 19. Nd3 Bxd3 20. Bxd3 exd5 21. exd5 Qa8
22. Be4 Nf3+ 23. gxf3 gxf3 24. Bxf3 d6 25. Rfe1+ Ne7 26. Re6 Kf7 27. Rxd6 Qb8
28. Qf4 1-0